000 01616cam a2200145 4500500
005 20260201002945.0
041 _afre
042 _adc
100 1 0 _aGalli, Jean-Charles
_eauthor
700 1 0 _aStachtchenko, Alexandre
_eauthor
245 0 0 _aBitcoin : Le choc géopolitique
260 _bArmand Colin,
_c2025.
520 _aFace aux bouleversements géopolitiques, la souveraineté monétaire est revenue au centre des discussions. Les banques centrales accumulent de l’or, tandis que les BRICS cherchent à se passer du dollar. Et si Bitcoin ouvrait la voie à une alternative monétaire crédible, voire à un nouvel étalon ? En seize ans, Bitcoin a conquis des centaines de millions d’utilisateurs et défié les pronostics, malgré une hostilité ouverte de la part des États. Devise nativement numérique, indépendante des États et des banques, il s’impose dans le débat et promet de rebattre les cartes du système monétaire mondial. Pourquoi redéfinit-il la souveraineté à l’ère numérique ? Comment les puissances mondiales réagissent-elles face à cet enjeu stratégique ? Quels bouleversements entraîne-t-il, entre défis énergétiques et ambitions de contrôle ? À travers une analyse inédite, cet ouvrage propose une plongée au coeur de la révolution Bitcoin et explore son rôle en tant que nouvel instrument géopolitique. Un livre essentiel pour comprendre les mutations en cours et les futurs possibles de cette monnaie d’un nouveau genre.
856 4 1 _uhttps://shs.cairn.info/bitcoin-le-choc-geopolitique--9782200640507?lang=fr&redirect-ssocas=7080
999 _c1638748
_d1638748